00975 2200325 4500001002100000005001500021035002000036007000300056008004100059040001700100100004500117245009700162250001100259300005300270020002200323041000800345082000800353084001400361260003000375700003000405700003400435700003900469850001000508600001100518990002400529990002400553990002400577990002400601990002400625INLIS00000000000264720260601082037 a0010-0620000020ta260601 0  aSBPUPADbind0 aFauzan,Nafiseh Zarei, Muhammad S.Bagheri1 aTips dan Srategi Ielts :bReach The Peak /cPengarang ke-1, Fauzan;editor, Ratih Indah Utami aCet.10 a278 hlm. :bilus. ;c19 cmeBibliografi, hlm 279 a978-979-29-7095-1 bind a425 a425 FAU t aYogyakarta :bAndi,c20180 aeditor, Ratih Indah Utami aPengarang ke-2, Nafiseh Zarei aPengarang ke-3, Muhammad S.Bagheri aPUPAD 4abahasa a34.551/DAK/DPK/2019 a34.549/DAK/DPK/2019 a34.552/DAK/DPK/2019 a23.551/DAK/DPK/2019 a34.550/DAK/DPK/2019